000 00685nam a2200229Ia 4500
003 OSt
005 20220925203202.0
006 a|||||r|||| 00| 0
007 ta
008 220923b |||||||| |||| 00| 0 eng d
037 _cGeneral Book
040 _aRTL
_cRTL
_beng
041 _2eng
_aeng
082 _aX9(J):9.4.N8, M6
100 _aHutchcroft Theodore Ed.
_9265024
245 0 _aManagement of human resoures in agricultural resea
260 _aDhaka
_bBangladesh Agricultrual Research Council
_c1986
300 _a145p.
_ccm.
650 _aLabour
_9232562
942 _hX9(J):9.4.N8, M6
_cGB
_2CC
999 _c545449
_d545449